Welcome to the Holygrace Academy Library

Please use search bar below to get started

WEBSTER'S POCKET - THESAURUS (Record no. 7622)

MARC details
000 -LEADER
fixed length control field 00283nam a22001217a 4500
082 ## - DEWEY DECIMAL CLASSIFICATION NUMBER
Classification number 825
Item number UNK/W
100 ## - MAIN ENTRY--AUTHOR NAME
Personal name UNKNOWN
245 ## - TITLE STATEMENT
Title WEBSTER'S POCKET - THESAURUS
260 ## - PUBLICATION, DISTRIBUTION, ETC. (IMPRINT)
Place of publication UNITED STATES
Name of publisher TRIDENT PRESSINT
Year of publication 1998
300 ## - PHYSICAL DESCRIPTION
Number of Pages 318
650 ## - SUBJECT ADDED ENTRY--TOPICAL TERM
Topical Term THESAURUS
Geographic subdivision UNITED STATES
942 ## - ADDED ENTRY ELEMENTS (KOHA)
Koha item type Books

No items available.